| 000 | 00363cam a2200145ua 4500 | ||
|---|---|---|---|
| 020 | _a8186882022 | ||
| 082 |
_a551.492 _bRAJ/WA |
||
| 100 | _aRajvir, Singh . | ||
| 245 | _aWatershed planning and management / | ||
| 250 | _a1 / | ||
| 260 |
_aBikaner : _bYash publishing house , _c2000. |
||
| 300 |
_a470 : _b` ; . |
||
| 500 | _a20440- Reference | ||
| 942 | _cBK | ||
| 999 |
_c1758 _d1758 |
||